000 01168nam a22003257a 4500
003 CHAP
005 20220329143339.0
008 081024s2005 es a r 00010 spa d
010 _a95303
011 _a96275
035 _a106922
040 _cCHAP
082 0 4 _a664.07
_bA98
100 1 _aAnzaldua-Morales, Antonio.
_96172
245 1 3 _aLa evaluación sensorial de los alimentos en la teoría y la práctica
_c/por Antonio Anzaldúa-Morales
260 _aZaragoza, Esp. :
_bAcribia,
_c2005
300 _axv, 198 p. :
_bilus. ; cuadros
590 _aBATCH-UPD
_b10
_c20130110
_lUCH01
_h0652
590 _aBATCH-UPD
_b10
_c20130410
_lUCH01
_h0337
590 _aBATCH-UPD
_b10
_c20130914
_lUCH01
_h0215
590 _aCONVERSION
_b10
_c20130109
_lUCH01
_h1353
650 1 4 _aAlimentos
_xAnálisis.
_94164
650 1 4 _aAlimentos
_xAroma.
_94169
650 1 4 _aAlimentos
_xPropiedades organolepticas.
_94270
650 1 4 _aAlimentos
_xSabor.
_94279
901 _aBK
942 _cLIBRO
949 _a664.07 A98
_bBC
_cLIBRO
_d33724002070470
_eLIBRO
_gI.c/e
_h109737
_i106922
_si
_t$351.00
949 _a664.07A98
_bBC
_cLIBRO
_d33724002070439
_eLIBRO
_fc.2
_gI.c/e
_h109738
_i106922
_si
_t$351.00
999 _c95303
_d95303